Tax avoidance in Malaysia : (Record no. 4785)

000 -LEADER
fixed length control field nam a22 7a 4500
005 - DATE AND TIME OF LATEST TRANSACTION
control field 20190131094531.0
008 - FIXED-LENGTH DATA ELEMENTS--GENERAL INFORMATION
fixed length control field 190131|2019 uk ||||| |||| 00| 0 eng d
020 ## - INTERNATIONAL STANDARD BOOK NUMBER
International Standard Book Number 9789814248853
Terms of availability RM135.00
040 ## - CATALOGING SOURCE
Original cataloging agency AKMAL
082 ## - DEWEY DECIMAL CLASSIFICATION NUMBER
Classification number 343.595052 JEY
090 ## - LOCALLY ASSIGNED LC-TYPE CALL NUMBER (OCLC); LOCAL CALL NUMBER (RLIN)
Classification number (OCLC) (R) ; Classification number, CALL (RLIN) (NR) 343.595052
Local cutter number (OCLC) ; Book number/undivided call number, CALL (RLIN) JEY
100 ## - MAIN ENTRY--PERSONAL NAME
Personal name Dr Jeyapalan Kasipillai
Dates associated with a name 2010
9 (RLIN) 9129
245 ## - TITLE STATEMENT
Title Tax avoidance in Malaysia :
Remainder of title Principles and cases
260 ## - PUBLICATION, DISTRIBUTION, ETC.
Place of publication, distribution, etc. Singapore
Name of publisher, distributor, etc. CCH Asia
Date of publication, distribution, etc. 2010
300 ## - PHYSICAL DESCRIPTION
Extent viii, 321 p.
Dimensions 23cm
599 ## - LOCAL NOTE
Local Note DALAM PROSES
650 ## - SUBJECT ADDED ENTRY--TOPICAL TERM
Topical term or geographic name entry element Tax planning
Geographic subdivision Malaysia.
9 (RLIN) 183
650 ## - SUBJECT ADDED ENTRY--TOPICAL TERM
Topical term or geographic name entry element Tax evasion
Geographic subdivision Malaysia.
9 (RLIN) 3624
650 ## - SUBJECT ADDED ENTRY--TOPICAL TERM
Topical term or geographic name entry element Income tax
General subdivision Law and legislation
Geographic subdivision Malaysia.
9 (RLIN) 8744
650 ## - SUBJECT ADDED ENTRY--TOPICAL TERM
Topical term or geographic name entry element Tax planning
Form subdivision Cases
Geographic subdivision Malaysia
9 (RLIN) 9130
650 ## - SUBJECT ADDED ENTRY--TOPICAL TERM
Topical term or geographic name entry element Tax evasion
Form subdivision Cases
Geographic subdivision Malaysia
9 (RLIN) 9131
650 ## - SUBJECT ADDED ENTRY--TOPICAL TERM
Topical term or geographic name entry element Income tax
Form subdivision Cases
General subdivision Law and legislation
Geographic subdivision Malaysia
9 (RLIN) 9132
700 0# - ADDED ENTRY--PERSONAL NAME
Personal name Jeyapalan Kasipillai.
9 (RLIN) 181
942 ## - ADDED ENTRY ELEMENTS (KOHA)
Source of classification or shelving scheme
Koha item type Book
Holdings
Withdrawn status Lost status Source of classification or shelving scheme Damaged status Not for loan Collection code Home library Current library Shelving location Date acquired Inventory number Total Checkouts Full call number Barcode Date last seen Price effective from Koha item type
          NON-FICTION AKMAL Melaka AKMAL Melaka PINJAMAN 31.01.2019 307252   343.595052 JEY 201707792 31.01.2019 31.01.2019 Book
Pusat Sumber Maklumat Dato' Haji Sarmin Md Hussin, Akademi Kastam Diraja Malaysia, Melaka
Tel: 06-2331106 | Faks: 06-2313787